01209cam a22003011 4500952013400000952013400134999001700268001000800285003000900293005001700302008004100319010001700360015001500377035001900392040003900411050001400450082001600464100004700480245009100527260004200618300001900660500006800679504003000747650004700777650002600824906004500850942001200895 00102ddc40708NFICaASLbASLcGENd2020-12-29eASB Collectionl0o297.09 ARAp103731r2020-12-29 00:00:00tC-1w2020-12-29yBK 00102ddc40708NFICaASLbASLcGENd2020-12-29eASB Collectionl0o297.09 ARAp103732r2020-12-29 00:00:00tC-2w2020-12-29yBK c20315d203157051891BDDh-ASL20231015025854.0790917s1964 enk b 000 0 eng  a 64057164  aGB64-12119 a(OCoLC)5381482 aDLCcPLFdOCoLCdUkdDLCdBDDh-ASL00aBP89b.A7 a297.09bARA1 aArberry, A. J.q(Arthur John),d1905-1969.10aAspects of Islamic civilization, as depicted in the original texts/cby A.J. Arberry. aLondon:bG. Allen and Unwin, c[1964] a408 p.c23 cm. aIncludes selections from original texts in English translation. aBibliography: p. 404-405. 0aIslamic literaturexHistory and criticism. 0aIslamic civilization. a7bcbccoclcrplduencipf19gy-gencatlg 2ddccBK